000 00957nam a2200229 a 4500
001 65453
003 BD-RjUL
005 20211209081428.0
008 170306s1988 bg a|||| |||| 00| 0 ben d
020 _c Tk. : 38.00
035 _a(BD-RjUL)65583
040 _aBD-RjUL
_bben
_cBD-RjUL
041 _aben
082 _223
_a891.440922
_bJAS 1988
100 1 _aজলিল, আলমগীর
_9175786
245 1 0 _aশিশুসাহিত্য সাধনায় কয়েকজন মুসলমান লেখক /
_cআলমগীর জলিল.
260 _aঢাকা, বাংলাদেশ :
_bইস লামিক ফাউন্ডেশন বাংলাদেশ,
_c১৯৮৮.
300 _a৯৯ পৃ. :
_bচিত্র ;
_c২২ সেমি.
650 _aবাংলা লেখক
_xসংগৃহীত জীবনী
_9193692
650 _aBengali authors
_xCollected biography
_9193693
942 _2ddc
_cBK
999 _c65453
_d65453